000
00316nam a2200121Ia 4500
008
150201s2008 xx 000 0 und d
082
_a
616
_b
G08S
100
_a
STORR,EMMA
245
_a
CLINICAL CASES UNCOVERD GENERAL PRACTICE
260
_b
WILEY
_a
BLACKWELL
_c
2008
650
_a
MEDICINE AND DIAGNOSIS
942
_2
ddc
_c
BK
999
_c
852
_d
852